Normal view
MARC view
- Swokowski, Earl William,
Entry Personal Name
001 - CONTROL NUMBER
- control field: 59
003 - CONTROL NUMBER IDENTIFIER
- control field: Nust
005 - DATE AND TIME OF LATEST TRANSACTION
- control field: 20170505122038.0
008 - FIXED-LENGTH DATA ELEMENTS
- fixed length control field: 170505|| aca||aabn | a|a d
040 ## - CATALOGING SOURCE
- Original cataloging agency: Nust
- Transcribing agency: Nust
100 ## - HEADING--PERSONAL NAME
- Personal name: Swokowski, Earl William,
- Dates associated with a name: 1926-
670 ## - SOURCE DATA FOUND
- Source citation: Work cat.: (Nust)0: Swokowski, Earl William, 1926-, Calculus with analytic geometry /, c1983.
